Taylor Swift - Paroles Forever & Always - Statistiques

Statistiques générales
  • Ce quiz a été pris 54 fois
  • Le résultat moyen est 390 sur 405
Statistiques - réponses
Hint Réponse % Correct
a
100%
always"
100%
always",
100%
And
100%
and
100%
at
100%
called
100%
'Cause
100%
Did
100%
Everything
100%
everything
100%
everything?
100%
feel
100%
for
100%
"Forever
100%
gone
100%
hasn't
100%
he
100%
I
100%
in
100%
it
100%
It
100%
me
100%
me,
100%
not
100%
out
100%
rains
100%
said,
100%
so
100%
So
100%
the
100%
then
100%
there
100%
to
100%
up,
100%
up
100%
was
100%
Couplet 2 Was
100%
when
100%
you
100%
You
100%
your
100%
you're
100%
all
96%
anymore
96%
Baby
96%
baby,
96%
boy
96%
can't
96%
eye
96%
flashback
96%
here
96%
is
96%
little
96%
looked
96%
loved
96%
nothing
96%
of
96%
Oh,
96%
Bridge Oh
96%
phone,
96%
scared
96%
something
96%
still
96%
told
96%
upon
96%
we
96%
We
96%
wrong
96%
back
92%
Back
92%
bedroom
92%
believe
92%
don't
92%
forget
92%
Like
92%
mean
92%
Couplet 1 Once
92%
one
92%
say
92%
sure
92%
tell
92%
think
92%
this
92%
time,
92%
too
92%
way
92%
Where
92%
caught
88%
didn't
88%
down
88%
eyes
88%
halfway
88%
happened?
88%
here's
88%
Here's
88%
into
88%
never
88%
Please
88%
run
88%
second
88%
seems
88%
silence,
88%
stare
88%
Tuesday
88%
welcome
88%
Were
88%
what
88%
almost
84%
coming
84%
door
84%
honest,
84%
I'm
84%
just
84%
kidding?
84%
low
84%
made
84%
night,
84%
now
84%
perfect,
84%
speak
84%
but
80%
hide
80%
hold
80%
knew
80%
onto
80%
that
80%
yeah
80%
going?
76%
line?
76%
minute,
76%
Thought
76%
breaking
64%
cuts
60%
thing
60%
core
56%
Aucun quiz correspondant
Distribution des résultats
% des personnes avec chaque résultat
Percentile par nombre de réponses
Votre historique - résultats
Vous n’avez pas pris ce quiz